Statistics for WWE World Heavyweight Championship

Click here to take the quiz!

General Stats

  • This quiz has been taken 673 times
    (522 since last reset)
  • The average score is 50 of 56

Answer Stats

HintAnswer% Correct
20092John Cena
98%
20133John Cena
98%
20081John Cena
98%
20134Randy Orton
96%
20041Randy Orton
96%
20113Randy Orton
96%
20112Randy Orton
96%
20021Triple H
96%
20022Triple H
96%
20033Triple H
96%
20044Triple H
96%
20055Triple H
96%
20073Batista
94%
20051Batista
94%
20062Batista
94%
20084Batista
94%
20231Seth Rollins
94%
20071Undertaker
94%
20082Undertaker
94%
20093Undertaker
94%
20102Rey Mysterio
93%
20061Rey Mysterio
93%
20117Edge
92%
20106Edge
92%
20072Edge
92%
20095Edge
92%
20094Edge
92%
20083Edge
92%
20071Edge
92%
20021Shawn Michaels
92%
20093CM Punk
90%
20081CM Punk
90%
20092CM Punk
90%
20101Kane
90%
20132Alberto del Rio
89%
20131Alberto del Rio
89%
20111Big Show
87%
20122Big Show
87%
20041Chris Benoit
87%
20081Chris Jericho
87%
20103Chris Jericho
87%
20082Chris Jericho
87%
20111Daniel Bryan
86%
20121Sheamus
84%
20092Jeff Hardy
82%
20091Jeff Hardy
82%
20111Mark Henry
82%
20111Christian
79%
20112Christian
79%
20061Kurt Angle
79%
20132Dolph Ziggler
77%
20111Dolph Ziggler
77%
20101Jack Swagger
74%
20031Goldberg
72%
20071The Great Khali
70%
20061Booker T
65%

Score Distribution

Percentile by Number Answered

Percent of People with Each Score

Your Score History

You have not taken this quiz since the last reset